LEADER 01122nam0 22003371i 450 001 LO10508852 005 20231121125521.0 010 $a887545129X 100 $a20180308d1987 ||||0itac50 ba 101 | $aita 102 $ait 181 1$6z01$ai $bxxxe 182 1$6z01$an 200 1 $a˜I œtarocchi$fDomenico e Ada Balbi 210 $aGenova$cECIG$d1987 215 $a153 p.$cill.$d21 cm 300 $aAlleg.: Tarocco bilingue di 78 carte 300 $aDisegni originali di Domenico Balbi. 606 $aMagia$2FIR$3RMLC015567$9I 606 $aTarocchi$2FIR$3RMLC056305$9I 676 $a133.3242$9$v21 700 1$aBalbi$b, Domenico$f $3LO1V181024$4070$01441187 701 1$aBalbi$b, Ada$3RAVV085817$4070$01441188 801 3$aIT$bIT-01$c20180308 850 $aIT-FR0017 899 $aBiblioteca umanistica Giorgio Aprea$bFR0017 $eN 912 $aLO10508852 950 0$aBiblioteca umanistica Giorgio Aprea$d 52MAG 13/1302*$e 52FSS0000026735 VMN RS $fA $h20180308$i20180308 977 $a 52 996 $aTarocchi$93608434 997 $aUNICAS